[Event "SUI-chT"]
[Site "Switzerland"]
[Date "2014.05.18"]
[Round "3.2"]
[White "Fontaine, Robert"]
[Black "Kolly, Jacques"]
[Result "1-0"]
[WhiteElo "2552"]
[BlackElo "2281"]
[PlyCount "61"]
[EventDate "2014.03.16"]
[EventType "team-tourn"]
[EventRounds "9"]
[EventCountry "SUI"]
[SourceTitle "EXT 2015"]
[Source "ChessBase"]
[SourceDate "2014.11.20"]
[SourceVersion "1"]
[SourceVersionDate "2014.11.20"]
[SourceQuality "1"]
[WhiteTeam "Reti"]
[BlackTeam "Neuchatel"]
[WhiteTeamCountry "SUI"]
[BlackTeamCountry "SUI"]

1. Nf3 d5 2. c4 e6 3. d4 f5 4. Bf4 Nf6 5. e3 c6 6. Nbd2 Be7 7. Bd3 0-0 8. h3 Ne4 9. g4 Nd7 10. Rg1 Kh8 11. g5 g6 12. h4 Bd6 13. Bxd6 Nxd6 14. Qe2 b6 15. h5 Kg7 16. 0-0-0 Bb7 17. Kb1 Qe7 18. Ne5 Nxe5 19. dxe5 Ne4 20. f4 Rad8 21. cxd5 exd5 22. Nxe4 fxe4 23. Bc2 c5 24. Qh2 Qe6 25. hxg6 Qxg6 26. f5 Rxf5 27. Bxe4 Rf2 28. Qxf2 Qxe4+ 29. Ka1 Qxe5 30. Rdf1 Ba6 31. Qf7+ 1-0

[Event "BCF-chT1a 1213 (4NCL)"]
[Site "England"]
[Date "2013.02.24"]
[Round "6.114"]
[White "Fontaine, Robert"]
[Black "Hamitevici, Vladimir"]
[Result "1/2-1/2"]
[WhiteElo "2559"]
[BlackElo "2440"]
[PlyCount "48"]
[EventDate "2012.11.03"]
[EventType "team-tourn"]
[EventRounds "7"]
[EventCountry "ENG"]
[SourceTitle "EXT 2014"]
[Source "ChessBase"]
[SourceDate "2013.11.20"]
[SourceVersion "1"]
[SourceVersionDate "2013.11.20"]
[SourceQuality "1"]
[WhiteTeam "Wood Green Hilsmark"]
[BlackTeam "Cheddleton"]
[WhiteTeamCountry "ENG"]
[BlackTeamCountry "ENG"]

1. e4 c5 2. Nf3 d6 3. d4 cxd4 4. Nxd4 Nf6 5. Nc3 a6 6. Be2 e5 7. Nb3 Be7 8. Bg5 Be6 9. Bxf6 Bxf6 10. Qd3 Nc6 11. 0-0-0 Nd4 12. Nxd4 exd4 13. Nd5 Bxd5 14. exd5 0-0 15. Qf3 Re8 16. Bd3 Re5 17. Rhe1 Qe7 18. Re4 Rxe4 19. Qxe4 Qxe4 20. Bxe4 Re8 21. Bf3 g6 22. Kd2 h5 23. Kd3 Kf8 24. a4 Ke7 1/2-1/2

[Event "BCF-chT1a 1213 (4NCL)"]
[Site "England"]
[Date "2013.01.13"]
[Round "4.114"]
[White "D'Costa, Lorin AR"]
[Black "Fontaine, Robert"]
[Result "1/2-1/2"]
[WhiteElo "2426"]
[BlackElo "2559"]
[PlyCount "92"]
[EventDate "2012.11.03"]
[EventType "team-tourn"]
[EventRounds "7"]
[EventCountry "ENG"]
[SourceTitle "EXT 2014"]
[Source "ChessBase"]
[SourceDate "2013.11.20"]
[SourceVersion "1"]
[SourceVersionDate "2013.11.20"]
[SourceQuality "1"]
[WhiteTeam "Barbican"]
[BlackTeam "Wood Green Hilsmark"]
[WhiteTeamCountry "ENG"]
[BlackTeamCountry "ENG"]

1. d4 Nf6 2. c4 g6 3. Nc3 Bg7 4. e4 d6 5. h3 0-0 6. Nf3 e5 7. d5 Nbd7 8. Bg5 h6 9. Be3 Nc5 10. Nd2 a5 11. Be2 Nfd7 12. g4 c6 13. Qc2 a4 14. h4 Qa5 15. g5 h5 16. Rb1 Qb4 17. 0-0 f6 18. Kg2 fxg5 19. hxg5 Rf4 20. Rh1 Qa5 21. b4 axb3 22. axb3 Na6 23. Nf3 Nb4 24. Qd2 Rg4+ 25. Kf1 cxd5 26. exd5 Nc5 27. Nh4 Rxh4 28. Rxh4 Bf5 29. Rb2 Qa1+ 30. Kg2 Nbd3 31. Bxd3 Nxd3 32. Rb1 Nf4+ 33. Bxf4 Bxb1 34. Be3 Bf5 35. Nb5 Ra2 36. Qc1 Bb1 37. c5 dxc5 38. Nc3 Rc2 39. Qxb1 Qxc3 40. Rc4 Qxe3 41. Qxc2 Qxg5+ 42. Kf1 Bf8 43. Qe4 Bd6 44. Rc3 Kg7 45. Rg3 Qf6 46. Rf3 Qe7 1/2-1/2

[Event "BCF-chT1a 1213 (4NCL)"]
[Site "England"]
[Date "2013.01.12"]
[Round "3.114"]
[White "Fontaine, Robert"]
[Black "Eckersley Waites, Adam"]
[Result "0-1"]
[WhiteElo "2559"]
[BlackElo "2266"]
[PlyCount "128"]
[EventDate "2012.11.03"]
[EventType "team-tourn"]
[EventRounds "7"]
[EventCountry "ENG"]
[SourceTitle "EXT 2014"]
[Source "ChessBase"]
[SourceDate "2013.11.20"]
[SourceVersion "1"]
[SourceVersionDate "2013.11.20"]
[SourceQuality "1"]
[WhiteTeam "Wood Green Hilsmark"]
[BlackTeam "Cambridge"]
[WhiteTeamCountry "ENG"]
[BlackTeamCountry "ENG"]

1. e4 c5 2. Nf3 d6 3. Nc3 Nc6 4. d4 cxd4 5. Nxd4 g6 6. g3 Bg7 7. Nde2 Nf6 8. Bg2 0-0 9. 0-0 Rb8 10. a4 a6 11. h3 b5 12. axb5 axb5 13. Bg5 Nd7 14. Qc1 b4 15. Nd5 Nc5 16. Rd1 Ba6 17. Rd2 Re8 18. Be3 Qc8 19. Kh2 Ne5 20. b3 e6 21. Bxc5 dxc5 22. Nc7 Qxc7 23. Rxa6 Ra8 24. Rxa8 Rxa8 25. Qd1 Nc6 26. Qf1 Ra1 27. Rd1 Ra2 28. Rc1 Bb2 29. Rd1 Bg7 30. Rc1 Bb2 31. Rd1 Bc3 32. Nxc3 bxc3 33. Qd3 Nd4 34. Qxc3 Rxc2 35. Qe3 Re2 36. Qc1 Qb6 37. Qf4 e5 38. Qxe5 Rxf2 39. Qe8+ Kg7 40. Qe5+ f6 41. Qe7+ Kh6 42. Qf8+ Kg5 43. Rc1 c4 44. Qf7 Qc6 45. Qe7 c3 46. Ra1 c2 47. Ra5+ Nb5 48. Qb4 c1Q 49. Rxb5+ Qxb5 50. Qxb5+ Kh6 51. e5 Qc2 52. Qd5 fxe5 53. h4 Qd2 54. Qa8 Qe2 55. Kh3 Qe3 56. Kh2 Kg7 57. Qb7+ Rf7 58. Qd5 Qd4 59. Qc6 Re7 60. Be4 Qd2+ 61. Kg1 Qe3+ 62. Kh2 Qxb3 63. Qc5 Qe6 64. Bd5 Qf6 0-1